|
|
|
|
| LEADER |
00000nam a2200000 a 4500 |
| 001 |
vtls010581905 |
| 003 |
SK-MaSNL |
| 005 |
20260301215012.0 |
| 008 |
240318s2012 rb a b p 000 0 slo |
| 015 |
|
|
|a SNBZSA2014-001995
|
| 020 |
|
|
|a 9788617141392
|q (brož.)
|
| 035 |
|
|
|a B4DF80AB-3B57-4B73-BC30-99F673B9D952
|
| 035 |
|
|
|a urn:nbn:sk:snk-amk3b5
|
| 035 |
|
|
|a urn:nbn:sk:snk-am0058fj
|
| 040 |
|
|
|a SNK
|b slo
|c SNK
|e AACR2
|
| 041 |
1 |
|
|a slo
|h srp
|
| 044 |
|
|
|a rb
|c RS
|
| 072 |
|
7 |
|a 373.2/.3
|x Predškolská a primárna výchova a vzdelávanie
|2 konspekt
|
| 080 |
|
|
|a 37.016:001.101-028.31
|2 2001
|
| 080 |
|
|
|a (075.2)
|2 2001
|
| 100 |
1 |
|
|a Novković, Ljiljana,
|d 1958-
|4 aut
|9 603975
|
| 245 |
1 |
0 |
|a Svet vôkol nás
|b učebnica pre prvý ročník základnej školy
|c Ljiljana Novkovićová, Biljana Trebješaninová, Biljana Gačanovićová ; [preložila Milota Dubovská-Poslonová ; ilustrovali Marija Vuksanovićová, Nenad Matekalo]
|
| 250 |
|
|
|a 2. vyd.
|
| 260 |
|
|
|a Beograd
|b Zavod za udžbenike
|c 2012
|
| 300 |
|
|
|a 102 s.
|b ilustr.
|c 27 cm
|
| 366 |
|
|
|e 120 výt.
|
| 546 |
|
|
|a Prel. zo srbčiny
|
| 650 |
0 |
7 |
|a prvouka
|2 SNKPH
|9 3651
|
| 650 |
0 |
7 |
|a Elementary school teaching
|2 SNKPHeng
|9 335841
|
| 655 |
|
7 |
|a učebnice základných škôl
|2 SNKPH
|9 70187
|
| 655 |
|
7 |
|a Textbooks (elementary)
|2 SNKPHeng
|9 276977
|
| 700 |
1 |
|
|a Trebješanin, Biljana,
|d 1950-
|4 aut
|9 603974
|
| 700 |
1 |
|
|a Gačanović, Biljana,
|d 1945-
|4 aut
|9 317017
|
| 700 |
1 |
|
|a Dubovská-Poslonová, Milota
|4 trl
|9 604226
|
| 700 |
1 |
|
|a Vuksanović, Marila
|4 ill
|9 604227
|
| 700 |
1 |
|
|a Matekalo, Nenad
|4 ill
|9 317021
|
| 752 |
|
|
|a Srbsko
|d Belehrad
|
| 919 |
|
|
|a 978-86-17-14139-2
|
| 958 |
|
|
|a ZS
|
| 958 |
|
|
|a SK
|
| 958 |
|
|
|a OP
|
| 999 |
|
|
|c 926558
|d 928488
|
| 952 |
|
|
|a SNK
|b SNK
|y PREZ
|7 0
|p 17A1107879
|o snkSB 86601
|i snk2014/8376
|8 2
|g 5.00
|0 0
|1 0
|4 0
|d 2014-03-11
|f 1
|l 0
|r 2025-05-07 00:00:00
|w 2026-02-24
|